MARC
| LEADER | 000000000a22000000004500 | ||
|---|---|---|---|
| 001 | 004547 | ||
| 020 | |a 0962723401 | ||
| 041 | 0 | |a eng | |
| 082 | 0 | 4 | |a 973.9 |b A211c |
| 100 | 1 | |a Adams, Don | |
| 100 | 1 | |a Goldbard, Arlene | |
| 245 | 1 | 0 | |a Crossroads : |b reflections on the politics of culture / |c Don Adams, Arlene Goldbard. |
| 260 | 1 | |a Talmage, California : |b DNA, |c c1990. | |
| 300 | |a 161 páginas | ||
| 500 | |a Colección George Yúdice | ||
| 650 | 4 | |a POLITICA Y CULTUR | |
| 650 | 4 | |a ESTADOS UNIDOS | |
| 650 | 4 | |a VIDA INTELECTUAL | |
| 650 | 4 | |a CIVILIZACION | |
| 999 | |c 10697 |d 10697 | ||
| 942 | |c BK |h 973.9 A211c |2 z | ||



